Curso superior de redacción / (Registro nro. 8174)

Detalles MARC
000 -LEADER
fixed length control field 01229nam a2200337 a 4500
001 - CONTROL NUMBER
control field 000039615
003 - CONTROL NUMBER IDENTIFIER
control field DO-SdBNP
005 - DATE AND TIME OF LATEST TRANSACTION
control field 20150811130854.0
007 - PHYSICAL DESCRIPTION FIXED FIELD--GENERAL INFORMATION
fixed length control field 000039615
008 - FIXED-LENGTH DATA ELEMENTS--GENERAL INFORMATION
fixed length control field 130711s1996 dr 000 0 spa d
040 ## - CATALOGING SOURCE
Original cataloging agency BPMUSU
Language of cataloging spa
Transcribing agency BPMSU
092 ## - LOCALLY ASSIGNED DEWEY CALL NUMBER (OCLC)
Classification number xxxxx
Item number xxxxx
100 1# - MAIN ENTRY--PERSONAL NAME
Personal name García Molina, Bartolo J.
245 10 - TITLE STATEMENT
Title Curso superior de redacción /
Statement of responsibility, etc. Bartolo García Molina ; prólogo Altagracia Pou Suazo.
250 ## - EDITION STATEMENT
Edition statement 2a ed.
260 ## - PUBLICATION, DISTRIBUTION, ETC. (IMPRINT)
Place of publication, distribution, etc. Santo Domingo :
Name of publisher, distributor, etc. Alandar
-- Universidad Católica de Santo Domingo,
Date of publication, distribution, etc. 1997.
300 ## - PHYSICAL DESCRIPTION
Extent 356 p. :
Other physical details il. ;
Dimensions 22 cm.
490 1# - SERIES STATEMENT
Series statement Experiencia didáctica
Volume/sequential designation 4
500 ## - GENERAL NOTE
General note Incluye datos biográficos del autor en las solapas
504 ## - BIBLIOGRAPHY, ETC. NOTE
Bibliography, etc Incluye referencias bibliográficas y notas al pie de las páginas
504 ## - BIBLIOGRAPHY, ETC. NOTE
Bibliography, etc Bibliografías : p. 353-356
700 1# - ADDED ENTRY--PERSONAL NAME
Personal name Pou Suazo, Altagracia,
Relator term pról.
830 #0 - SERIES ADDED ENTRY--UNIFORM TITLE
Uniform title Experiencia didáctica
Number of part/section of a work 4
930 #1 - EQUIVALENCE OR CROSS-REFERENCE-UNIFORM TITLE HEADING [LOCAL, CANADA]
Language of a work BND01
Medium of performance for music LF1
Field link and sequence number 20130711
Date of a work 01
Name of part/section of a work HD
Miscellaneous information 37917
930 #1 - EQUIVALENCE OR CROSS-REFERENCE-UNIFORM TITLE HEADING [LOCAL, CANADA]
Language of a work BND01
Medium of performance for music LF1
Field link and sequence number 20130911
Date of a work 01
Name of part/section of a work HD
Miscellaneous information 39986
Medium e. 2
942 ## - ADDED ENTRY ELEMENTS (KOHA)
Source of classification or shelving scheme Dewey Decimal Classification
Koha item type Libros
956 ## - LOCAL ELECTRONIC LOCATION AND ACCESS (OCLC)
Host name YLOCKWARD
Access number 10
Compression information 20130711
Logon BND01
Processor of request 1530
956 ## - LOCAL ELECTRONIC LOCATION AND ACCESS (OCLC)
Host name NMORDAN
Access number 10
Compression information 20130712
Logon BND01
Processor of request 0908
956 ## - LOCAL ELECTRONIC LOCATION AND ACCESS (OCLC)
Host name BTAVAREZ
Access number 10
Compression information 20150424
Logon BND01
Processor of request 1032
956 ## - LOCAL ELECTRONIC LOCATION AND ACCESS (OCLC)
Host name VMATEO
Access number 10
Compression information 20150811
Logon BPMSU
Processor of request 00151
Existencias
Withdrawn status Lost status Source of classification or shelving scheme Damaged status Not for loan Collection code Home library Current library Date acquired Total Checkouts Barcode Date last seen Price effective from Koha item type
    Dewey Decimal Classification       Biblioteca Pública Metropolitana Salomé Ureña Biblioteca Pública Metropolitana Salomé Ureña 08/11/2015   BPMET15080292 08/11/2015 08/11/2015 Libros